Every thing on it : (Record no. 29)

MARC details
000 -LEADER
fixed length control field 01260cam a2200361 i 4500
001 - CONTROL NUMBER
control field 29
003 - CONTROL NUMBER IDENTIFIER
control field FISKH
005 - DATE AND TIME OF LATEST TRANSACTION
control field 20240306084648.0
008 - FIXED-LENGTH DATA ELEMENTS--GENERAL INFORMATION
fixed length control field 110307s2011 nyua 001 0 eng
010 ## - LIBRARY OF CONGRESS CONTROL NUMBER
LC control number 2011924606
020 ## - INTERNATIONAL STANDARD BOOK NUMBER
International Standard Book Number 9780061998164 (trade bdg.)
020 ## - INTERNATIONAL STANDARD BOOK NUMBER
International Standard Book Number 9780061998171 (lib. bdg.)
040 ## - CATALOGING SOURCE
Original cataloging agency DLC
Language of cataloging eng
Transcribing agency DLC
Modifying agency DLC
Description conventions rda
042 ## - AUTHENTICATION CODE
Authentication code pcc
050 00 - LIBRARY OF CONGRESS CALL NUMBER
Classification number PS3569
Item number .I47224 E94 2011
082 00 - DEWEY DECIMAL CLASSIFICATION NUMBER
Classification number 811.54
Edition number 23
100 1# - MAIN ENTRY--PERSONAL NAME
Personal name Silverstein, Shel.
240 10 - UNIFORM TITLE
Uniform title Poems.
Form subheading Selections
245 10 - TITLE STATEMENT
Title Every thing on it :
Remainder of title poems and drawings /
Statement of responsibility, etc. by Shel Silverstein.
250 ## - EDITION STATEMENT
Edition statement First edition.
260 ## - PUBLICATION, DISTRIBUTION, ETC.
Place of publication, distribution, etc. New York :
Name of publisher, distributor, etc. Harper,
Date of publication, distribution, etc. 2011
300 ## - PHYSICAL DESCRIPTION
Extent 194 pages :
Other physical details illustrations ;
Dimensions 23 cm
336 ## - CONTENT TYPE
Content type term text
Source rdacontent
337 ## - MEDIA TYPE
Media type term unmediated
Source rdamedia
338 ## - CARRIER TYPE
Carrier type term volume
Source rdacarrier
500 ## - GENERAL NOTE
General note Includes index.
505 ## - FORMATTED CONTENTS NOTE
Formatted contents note O
520 ## - SUMMARY, ETC.
Summary, etc. The second original book to be published since Silverstein's passing in 1999, this poetry collection includes more than one hundred and thirty never-before-seen poems and drawings completed by the cherished American artist and selected by his family from his archives.
521 ## - TARGET AUDIENCE NOTE
Target audience note 610
Source FISKH
521 ## - TARGET AUDIENCE NOTE
Target audience note O
Source Raz-Paz
906 ## - LOCAL DATA ELEMENT F, LDF (RLIN)
a 7
b cbc
c orignew
d 2
e epcn
f 20
g y-gencatlg
942 ## - ADDED ENTRY ELEMENTS (KOHA)
Source of classification or shelving scheme Dewey Decimal Classification
Koha item type Books
Suppress in OPAC No
Holdings
Withdrawn status Lost status Source of classification or shelving scheme Damaged status Not for loan Collection Home library Current library Shelving location Date acquired Total Checkouts Full call number Barcode Date last seen Copy number Price effective from Koha item type Date last checked out
    Library of Congress Classification     Non-Fiction Footprints International School Library Network Toul Kork Campus Footprints International School Library Network Toul Kork Campus   01/26/2023   SIL 811.54 PS3569.I47224 FISTK00001 10/02/2023 1 01/26/2023 Books  
    Library of Congress Classification     Non-Fiction Footprints International School Library Network Toul Tom Poung Campus Footprints International School Library Network Toul Tom Poung Campus Librarian's Shelf TTP 01/26/2023 1 SIL 811.54 PS3569.I47224 2024-0130 03/11/2026 2 01/26/2023 Books 03/11/2026
    Dewey Decimal Classification     Non-Fiction Footprints International School Library Network Toul Tom Poung Campus Footprints International School Library Network Toul Tom Poung Campus   03/06/2024   DRW PS3569.I47224 811.54 2024-0239 03/06/2024 3 03/06/2024 Books